00680nam a2200193Ia 4500003000900000008004100009020003100050022002200081022002300103040001600126100002300142245011300165260003100278300001000309490002800319700001700347700001400364856010800378IN-BaIIA211028s9999 xx s 000 0 eng d a978-2-7598-0752-9 (Online) a1633-4760 (Print) a1638-1963 (Online) cIIA Library aFaurobert, M., ed. 0a4th French-Chinese Meeting on Solar Physics - Understanding Solar Activity: Advances and Challengesh[eBook] aFrancebEDP Sciencesc2012 a395p. aEAS Publications Series aCorbard, T.  aFang, C.  uhttps://www.eas-journal.org/articles/eas/abs/2012/03/contents/contents.htmlyClick Here to Access eBook